Elektronická regulácia obtoku turbodúchadla

Salvato in:
Dettagli Bibliografici
Autore principale: Kopál, Adam (Autore)
Altri autori: Chríbik, Andrej (Relatore della tesi)
Natura: Manoscritto Libro
Lingua:slovacco
Pubblicazione: 2020
Soggetti:
Accesso online:http://is.stuba.sk/zp/portal_zp.pl?podrobnosti=143979
Tags: Aggiungi Tag
Nessun Tag, puoi essere il primo ad aggiungerne!!

MARC

LEADER 00000ntm a22000003a 4500
001 stuzp79938
003 SK-STU
005 20200711210627.6
007 ta
008 150427s2015----xo-----f-mn---000-0-slo-d
040 |a STU  |b slo 
041 0 |a slo 
100 1 |a Kopál, Adam  |u 020030  |4 aut  |U SjF Strojnícka fakulta  |T SjF Ústav dopravnej techniky a konštruovania  |X 87627  |U J0030  |Y 806  |7 87627 
242 0 1 |a Electronic regulation of turbocharger bypass  |y eng 
245 1 0 |a Elektronická regulácia obtoku turbodúchadla 
260 |c 2020 
650 4 |a a wastegate  |2 eng 
650 4 |a an overcharging  |2 eng 
650 4 |a a flow area  |2 eng 
650 4 |a a turbocharger  |2 eng 
650 4 |a a wastegate hole  |2 eng 
650 4 |a preplňovanie  |2 slo 
650 4 |a otvor wastegate-u  |2 slo 
650 4 |a prietoková plocha  |2 slo 
650 4 |a wastegate  |2 slo 
650 4 |a turbodúchadlo  |2 slo 
700 1 |a Chríbik, Andrej  |u 020030  |k Z1  |4 ths  |U SjF Strojnícka fakulta  |T SjF Ústav dopravnej techniky a konštruovania  |X 26808  |U J0030  |Y 806  |7 A000026808 
856 4 |u http://is.stuba.sk/zp/portal_zp.pl?podrobnosti=143979